000 00845nam a22002415a 4500
005 20090907160835.0
008 060509s2006 nyu 000 0 eng
010 _aB-357110
020 _c40.00
035 _aB-357110
037 _bDBAD / PUB
040 _adpl
_bEnglish
082 _aS
100 _aIyer, Kolar Krishna
245 _aSri Krishna Leelalu /
_cBy Kolar Krishna Iyer
260 _aVijayawada
_bSwathi Book House
_c2007
270 _a28-22-20, Rahiman Street, Arundelpet
_bVijayawada
_e520002
300 _a32p. :
_c26cm(pbk)
_bcol. ill
490 _aPopular stories in easy English
650 _aChildren's stories, English
942 _2ddc
_cCH
_hS
_mIYE
999 _c30162
_d30162